Sufi lyrics / (Record no. 96324)

MARC details
000 -LEADER
fixed length control field 00747nam a22002177a 4500
005 - DATE AND TIME OF LATEST TRANSACTION
control field 20170726102147.0
010 ## - LCCN (DPL NO)
LC control number 1516EN07 ENG-119395
020 ## - INTERNATIONAL STANDARD BOOK NUMBER
Terms of availability 295.00
International Standard Book Number 9780674427846
035 ## - SYSTEM CONTROL NUMBER
System control number B-603798-802
035 ## - SYSTEM CONTROL NUMBER
System control number EN-102927
037 ## - SOURCE OF ACQUISITION
Source of stock number/acquisition Aakar/ven
Stock number dpl
082 ## - DEWEY DECIMAL CLASSIFICATION NUMBER
Classification number 851
100 ## - MAIN ENTRY--PERSONAL NAME
Personal name Bullhe, Shah
245 ## - TITLE STATEMENT
Title Sufi lyrics /
Statement of responsibility, etc by Bullhe Shah; edited by Christopher Shackle
260 ## - PUBLICATION, DISTRIBUTION, ETC. (IMPRINT)
Name of publisher, distributor, etc Murty Classical Library of India
Date of publication, distribution, etc 2015
Place of publication, distribution, etc London
270 ## - ADDRESS
City London
300 ## - PHYSICAL DESCRIPTION
Extent xxxv,443p.
Dimensions 18cm(pbk)
700 ## - ADDED ENTRY--PERSONAL NAME
Personal name Shackle, Christopher
942 ## - ADDED ENTRY ELEMENTS (KOHA)
Source of classification or shelving scheme Dewey Decimal Classification
Item type English Books
Classification part 851
Call number suffix BUL
Holdings
Withdrawn status Lost status Not for loan Collection code Home library Current library Date acquired Source of acquisition Cost, normal purchase price Full call number Barcode Copy number Cost, replacement price Koha item type
    Not For Loan Non-fiction D.B.Act.Division Bawana 26/07/2017 DBAD/PUB 295.00 851 BUL EN-102927 1 295.00 English Books
      Non-fiction Central Library Central Library 01/06/2016 I-1183/25.9.2015/109/16.9.2015/15.10.2015 295.00 851 BUL B-603798 1 295.00 English Books
      Non-fiction Janak Puri Janak Puri 01/06/2016 I-1183/25.9.2015/109/16.9.2015/15.10.2015 295.00 851 BUL B-603800 1 295.00 English Books
      Non-fiction Karol Bagh Karol Bagh 01/06/2016 I-1183/25.9.2015/109/16.9.2015/15.10.2015 295.00 851 BUL B-603802 1 295.00 English Books
      Non-fiction Patel Nagar Patel Nagar 01/06/2016 I-1183/25.9.2015/109/16.9.2015/15.10.2015 295.00 851 BUL B-603799 1 295.00 English Books
      Non-fiction Sarojini Nagar Sarojini Nagar 01/06/2016 I-1183/25.9.2015/109/16.9.2015/15.10.2015 295.00 851 BUL B-603801 1 295.00 English Books

© Delhi Public Library
Hit Counter
free hit counter